| 000 | 01133cam a22002055a 4500 | ||
|---|---|---|---|
| 001 | ##J100672 | ||
| 008 | 000000s1903 000 0 eng u | ||
| 035 | _a(Sirsi) u100672 | ||
| 041 | 0 | _aeng | |
| 050 | 0 | 4 | _a942.273 $2 22 |
| 110 | 2 |
_aSurveyors' Institution _93783 |
|
| 245 | 0 | 0 | _aProgrammes of the institution's work visits |
| 260 |
_a[S.l.] _b[s.n.] _c1898-1903 |
||
| 300 |
_a1 _fv _bmaps _c23cm. |
||
| 505 | 0 | _aThe visit of the institution to Manchester on the 20th and 21st of April, 1898 - The visit of the institution to Bristol on the 26th and 27th of April, 1899 - The visit of the institution to Leeds on the 25th and 26th of April, 1900 - The visit of the institution to Southampton on the 30th and 31st of May, 1901 - The visit of the institution to Cambridge on the 22nd and 23rd of May, 1902 - The visit of the institution to Ireland on the 7th and 8th of May, 1903 | |
| 520 | _aPamphlets containing details of list of members, general arrangements and itinerary for the Insititutions work visits carried out from 1898-1903. | ||
| 651 | 4 |
_aGreat Britain _y1707- |
|
| 690 | _aRICS SERVICES-RICS EVENTS | ||
| 942 | _n0 | ||
| 999 |
_c99747 _d99747 |
||